| 000 | 00369nam a22001457a 4500 | ||
|---|---|---|---|
| 003 | SGT | ||
| 020 | _a9788192828022 | ||
| 082 | _a340,SRI | ||
| 100 | _aSRIVASTAVA,VIKRAM | ||
| 245 | _aINDEPENDENT THOUGHT (AGE OF CRIMINAL RESPONSIBILITY) 2013 | ||
| 260 |
_aNEW DELHI _bINDEPENDENT THOUGHT _c2014 |
||
| 300 | _a285 | ||
| 650 | _aINDEPENDENT THOUGHT | ||
| 942 |
_2ddc _cBK _01 |
||
| 999 |
_c14493 _d14493 |
||